| 000 | 00680nam a2200205 a 4500 | ||
|---|---|---|---|
| 001 | 61063 | ||
| 003 | BD-RjUL | ||
| 005 | 20211209080922.0 | ||
| 008 | 170114s1952 pk ||||| |||| 00| 0 eng d | ||
| 035 | _a(BD-RjUL) 61187 | ||
| 040 |
_aBD-RjUL _beng _cBD-RjUL _dBD-RjUL |
||
| 041 | _aeng | ||
| 082 |
_223 _a370.95492 _bEAR 1952 |
||
| 110 |
_aEast Pakistan (Pakistan). _tEast Bengal Educational System Reconstruction Committee. _9182230 |
||
| 245 | _aReport of the east bengal educational system reconstruction committee / | ||
| 260 |
_aDacca : _bEast Bengal Govt. Press, _c1952. |
||
| 300 |
_a445 p. ; _c23 cm. |
||
| 650 |
_aEducation _zBangladesh _9178125 |
||
| 942 |
_2ddc _cBK |
||
| 999 |
_c61063 _d61063 |
||